<?xml version="1.0" encoding="UTF-8"?><?xml-stylesheet type="text/xsl" href="static/style.xsl"?><OAI-PMH xmlns="http://www.openarchives.org/OAI/2.0/" xmlns:xsi="http://www.w3.org/2001/XMLSchema-instance" xsi:schemaLocation="http://www.openarchives.org/OAI/2.0/ http://www.openarchives.org/OAI/2.0/OAI-PMH.xsd"><responseDate>2026-04-17T15:01:21Z</responseDate><request verb="GetRecord" identifier="oai:www.recercat.cat:2445/224256" metadataPrefix="marc">https://recercat.cat/oai/request</request><GetRecord><record><header><identifier>oai:recercat.cat:2445/224256</identifier><datestamp>2025-12-05T01:48:56Z</datestamp><setSpec>com_2072_1057</setSpec><setSpec>col_2072_478778</setSpec><setSpec>col_2072_478917</setSpec></header><metadata><record xmlns="http://www.loc.gov/MARC21/slim" xmlns:dcterms="http://purl.org/dc/terms/" xmlns:xsi="http://www.w3.org/2001/XMLSchema-instance" xmlns:doc="http://www.lyncode.com/xoai" xsi:schemaLocation="http://www.loc.gov/MARC21/slim http://www.loc.gov/standards/marcxml/schema/MARC21slim.xsd">
   <leader>00925njm 22002777a 4500</leader>
   <datafield ind2=" " ind1=" " tag="042">
      <subfield code="a">dc</subfield>
   </datafield>
   <datafield ind2=" " ind1=" " tag="720">
      <subfield code="a">Quevedo Ortiz, Guillermo</subfield>
      <subfield code="e">author</subfield>
   </datafield>
   <datafield ind2=" " ind1=" " tag="720">
      <subfield code="a">Fernández Calero, José María</subfield>
      <subfield code="e">author</subfield>
   </datafield>
   <datafield ind2=" " ind1=" " tag="720">
      <subfield code="a">Cañedo-Argüelles, Miguel</subfield>
      <subfield code="e">author</subfield>
   </datafield>
   <datafield ind2=" " ind1=" " tag="720">
      <subfield code="a">Schiller Calle, Daniel von</subfield>
      <subfield code="e">author</subfield>
   </datafield>
   <datafield ind2=" " ind1=" " tag="720">
      <subfield code="a">Fortuño Estrada, Pau</subfield>
      <subfield code="e">author</subfield>
   </datafield>
   <datafield ind2=" " ind1=" " tag="720">
      <subfield code="a">Bonada i Caparrós, Núria</subfield>
      <subfield code="e">author</subfield>
   </datafield>
   <datafield ind2=" " ind1=" " tag="720">
      <subfield code="a">Gomà Martínez, Joan</subfield>
      <subfield code="e">author</subfield>
   </datafield>
   <datafield ind2=" " ind1=" " tag="260">
      <subfield code="c">2025-11-10T18:48:32Z</subfield>
   </datafield>
   <datafield ind2=" " ind1=" " tag="260">
      <subfield code="c">2025-11-10T18:48:32Z</subfield>
   </datafield>
   <datafield ind2=" " ind1=" " tag="260">
      <subfield code="c">2024-06-01</subfield>
   </datafield>
   <datafield ind2=" " ind1=" " tag="260">
      <subfield code="c">2025-11-10T18:48:32Z</subfield>
   </datafield>
   <datafield ind2=" " ind1=" " tag="520">
      <subfield code="a">Temporary rivers are aquatic ecosystems&#xd;
that alternate periods of water flow with dry periods.&#xd;
Diatoms are a group of unicellular microalgae with a&#xd;
high colonizing ability, but little is known about their&#xd;
responses to drying. We carried out different resist-&#xd;
ance and resilience experiments to evaluate temporal&#xd;
and spatial dispersal capacity of diatoms during the&#xd;
dry period. The resistance was tested experimen-&#xd;
tally by rehydrating dried biofilms and sediments&#xd;
from temporary rivers, whereas resilience was tested&#xd;
by installing artificial mesocosms along a dry river&#xd;
section. Disconnected pools were also sampled to&#xd;
evaluate their propagule emission capacity. In turn,&#xd;
dogs from the area were sampled to test potential&#xd;
zoochory dispersal capacity. In the resistance experi-&#xd;
ment, we found living diatoms in all the rehydrated&#xd;
sediments but not in biofilms. Diatoms with mobility&#xd;
traits, high ecological plasticity, and resistance spores&#xd;
presented high, along with typical soil diatoms. In&#xd;
the resilience experiment, all mesocosms hosted liv-&#xd;
ing diatoms, which were low-profile, pioneering, and&#xd;
small species. Diatoms found in the mesocosms were&#xd;
also common in the disconnected pools, underscoring&#xd;
the potential role of the latter as a propagule emission&#xd;
zone. Dogs’ paws also had living diatoms, which evi-&#xd;
dences that wild fauna could potentially act as passive&#xd;
diatom vectors.</subfield>
   </datafield>
   <datafield tag="653" ind2=" " ind1=" ">
      <subfield code="a">Algues d'aigua dolça</subfield>
   </datafield>
   <datafield tag="653" ind2=" " ind1=" ">
      <subfield code="a">Ecologia fluvial</subfield>
   </datafield>
   <datafield tag="653" ind2=" " ind1=" ">
      <subfield code="a">Freshwater algae</subfield>
   </datafield>
   <datafield tag="653" ind2=" " ind1=" ">
      <subfield code="a">Stream ecology</subfield>
   </datafield>
   <datafield ind2="0" ind1="0" tag="245">
      <subfield code="a">An experimental study to assess resistance and resilience strategies of freshwater diatoms to cope with drying in Mediterranean temporary rivers</subfield>
   </datafield>
</record></metadata></record></GetRecord></OAI-PMH>